| 000 | 00481nam a22001577a 4500 | ||
|---|---|---|---|
| 005 | 20231031142217.0 | ||
| 008 | 231031b |||||||| |||| 00| 0 eng d | ||
| 041 | _aEnglish | ||
| 082 | _a346.6 NAT | ||
| 100 |
_aNathan M _lEnglish |
||
| 245 |
_aThe South African Law of Partnership / _cM Nathan |
||
| 260 |
_aJohannesburg : _bThe Transvaal Leader, _c1913 |
||
| 300 |
_bxv, 136 pages ; _c22,5 cm. |
||
| 650 |
_alegal practice _bLaw |
||
| 942 |
_cBK _6ALISON_BN_VRIES |
||
| 999 |
_c195 _d195 |
||